Statistiques concernant Groupes Ligue des Champions 2011-2012

Cliquez ici pour prendre le quiz!

Statistiques générales

  • Ce quiz a été pris 80 fois
  • Le résultat moyen est 22 sur 32

Statistiques - réponses

GroupePlace dans le groupeNom des équipes% Correct
Groupe D1erReal Madrid
99%
Groupe H1erFC Barcelone
97%
Groupe C3èmeManchester United
97%
Groupe F1erArsenal
96%
Groupe F2èmeOlympique de Marseille
96%
Groupe E1erChelsea
95%
Groupe D2èmeOlympique Lyonnais
95%
Groupe A1erBayern Munich
94%
Groupe B1erInter Milan
94%
Groupe F4èmeBorussia Dortmund
91%
Groupe A3èmeManchester City
88%
Groupe D3èmeAjax Amsterdam
86%
Groupe G3èmeFC Porto
86%
Groupe A2èmeNaples
86%
Groupe C1erBenfica Lisbonne
83%
Groupe H2èmeMilan AC
82%
Groupe B4èmeLille OSC
75%
Groupe E3èmeValence
71%
Groupe B2èmeCSKA Moscou
65%
Groupe G2èmeZénith Saint-Pétersboug
65%
Groupe E2èmeBayer Leverkusen
61%
Groupe F3èmeOlympiakos
61%
Groupe C2èmeFC Bâle
60%
Groupe D4èmeDinamo Zagreb
48%
Groupe G1erAPOEL Nicosie
45%
Groupe A4èmeVillareal
32%
Groupe E4èmeKRC Genk
30%
Groupe B3èmeTrabzonspor
29%
Groupe H4èmeBATE Borisov
26%
Groupe G4èmeChakhtar Donestk
18%
Groupe H3èmeViktoria Plzeň
13%
Groupe C4èmeOţelul Galaţi
12%

Distribution des résultats

Percentile par nombre de réponses

% des personnes avec chaque résultat

Votre développement - résultats

Vous n’avez pas pris ce quiz